00781 2200265 4500001002100000005001500021035002500036008004100061020002200102040001700124082001400141084001400155245005300169260003000222300004200252500006800294650003200362850001200394007000300406090001800409090002200427999002200449990002200471990002200493INLIS00000000001430820200629112537 a0010-101500000000042151001s2014 yoia g ind d a978-979-29-4337-5 aYOPDYOGbind04222a005.3 a005.3 TIP00aTips & trik RPG maker VXACE /cpenyunting, Ignas3 aYogyakarta :bAndi,c2014 aix, 235 halaman :bilustrasi ;c23 cm aDiterbitkan atas kerjasama penerbit Andi dengan Wahana Komputer 4aKomputer--xPerangkat lunak aYOPDYOGta aDEP 005.3 TIP aCB-D.11 2014-1621 aCB-D.11/2014-1621 aCB-D.11/2014-1621 aCB-D.11/2014-1621